[Event "EIWCC 2017"]
[Site "Riga"]
[Date "2017.04.12"]
[Round "2"]
[White "Badelka, Olga"]
[Black "Olde, Margareth"]
[Result "1-0"]
[WhiteElo "2362"]
[BlackElo "2110"]
[Annotator "ChessBase"]
[PlyCount "114"]
[EventDate "2017.??.??"]
[EventType "swiss"]
[EventCountry "LAT"]
[SourceTitle "playchess.com"]
[Source "ChessBase"]
[SourceQuality "1"]
[TimeControl "40/5400+30:1800+30"]

1. d4 {[%emt 0:00:00]} d5 {[%emt 0:00:06]} 2. c4 {[%emt 0:00:00]} e6 {[%emt 0:00:18]} 3. Nc3 {[%emt 0:00:00]} Be7 {[%emt 0:00:18]} 4. cxd5 {[%emt 0:00:07]} exd5 {[%emt 0:00:05]} 5. Bf4 {[%emt 0:02:08]} c6 {[%emt 0:00:30]} 6. Qc2 {[%emt 0:02:11]} Bd6 {[%emt 0:10:52]} 7. Bxd6 {[%emt 0:08:27]} Qxd6 {[%emt 0:00:05]} 8. e3 {[%emt 0:00:06]} Ne7 {[%emt 0:00:24]} 9. Bd3 {[%emt 0:00:12]} b6 {[%emt 0:00:43]} 10. Nf3 {[%emt 0:05:38]} Ba6 {[%emt 0:00:17]} 11. O-O-O {[%emt 0:03:12]} Bxd3 {[%emt 0:02:42]} 12. Qxd3 {[%emt 0:00:06]} Nd7 {[%emt 0:03:00]} 13. h4 {[%emt 0:02:49]} a5 {[%emt 0:09:47]} 14. Kb1 {[%emt 0:01:36]} b5 {[%emt 0:04:51]} 15. e4 {[%emt 0:02:22]} O-O {[%emt 0:01:13]} 16. e5 {[%emt 0:00:50]} Qg6 {[%emt 0:02:11]} 17. Qxg6 {[%emt 0:02:14]} Nxg6 {[%emt 0:00:44]} 18. a4 {[%emt 0:09:18]} bxa4 {[%emt 0:08:16]} 19. Kc2 {[%emt 0:03:34]} Rfb8 {[%emt 0:06:30]} 20. Ra1 {[%emt 0:03:33]} Rb4 {[%emt 0:02:05]} 21. Rxa4 {[%emt 0:00:53]} Nb6 {[%emt 0:10:02]} 22. Rxb4 {[%emt 0:05:03]} axb4 {[%emt 0:00:07]} 23. Ne2 {[%emt 0:00:37]} Nc4 {[%emt 0:03:13]} 24. Kb3 {[%emt 0:02:27]} Ra5 {[%emt 0:06:29]} 25. h5 {[%emt 0:11:47]} Nf8 {[%emt 0:01:06]} 26. Nf4 {[%emt 0:00:22]} Rb5 {[%emt 0:05:21]} 27. Ra1 {[%emt 0:03:09]} Na5+ {[%emt 0:00:20]} 28. Kc2 {[%emt 0:00:12]} h6 {[%emt 0:01:47]} 29. b3 {[%emt 0:03:09]} Ne6 {[%emt 0:02:48]} 30. Nxe6 {[%emt 0:05:54]} fxe6 {[%emt 0:00:06]} 31. Kb2 {[%emt 0:00:18]} Kf7 {[%emt 0:04:26]} 32. g4 {[%emt 0:02:42]} c5 {[%emt 0:01:15]} 33. dxc5 {[%emt 0:00:05]} Rxc5 {[%emt 0:00:04]} 34. Nd4 {[%emt 0:03:53]} Nc6 {[%emt 0:02:25]} 35. Nxc6 {[%emt 0:00:08]} Rxc6 {[%emt 0:00:04]} 36. Rc1 {[%emt 0:02:26]} Rxc1 {[%emt 0:13:05]} 37. Kxc1 {[%emt 0:00:04]} g6 {[%emt 0:00:02]} 38. Kd2 {[%emt 0:00:24]} gxh5 {[%emt 0:00:04]} 39. gxh5 {[%emt 0:00:03]} Ke7 {[%emt 0:00:09]} 40. Kd3 {[%emt 0:00:00]} Kd7 {[%emt 0:00:07]} 41. Kd4 {[%emt 0:00:26]} Kc6 {[%emt 0:01:02]} 42. f4 {[%emt 0:01:03]} Kb6 {[%emt 0:03:39]} 43. f5 {[%emt 0:00:16]} exf5 {[%emt 0:00:07]} 44. Kxd5 {[%emt 0:00:05]} Kc7 {[%emt 0:01:06]} 45. Kc5 {[%emt 0:11:33]} Kd7 {[%emt 0:00:12]} 46. Kxb4 {[%emt 0:00:35]} Ke6 {[%emt 0:00:23]} 47. Kc5 {[%emt 0:01:03]} Kxe5 {[%emt 0:01:00]} 48. b4 {[%emt 0:00:04]} f4 {[%emt 0:00:43]} 49. b5 {[%emt 0:00:03]} f3 {[%emt 0:00:04]} 50. b6 {[%emt 0:00:03]} f2 {[%emt 0:00:06]} 51. b7 {[%emt 0:00:02]} f1=Q {[%emt 0:00:08]} 52. b8=Q+ {[%emt 0:00:02]} Ke4 {[%emt 0:00:13]} 53. Qe8+ {[%emt 0:00:34]} Kf3 {[%emt 0:00:08]} 54. Qf8+ {[%emt 0:00:20]} Ke2 {[%emt 0:00:14]} 55. Qxf1+ {[%emt 0:04:14]} Kxf1 {[%emt 0:00:01]} 56. Kd4 {[%emt 0:00:06]} Ke2 {[%emt 0:01:05]} 57. Ke4 {[%emt 0:00:11]} Kd2 {[%emt 0:00:20]} 1-0

[Event "EIWCC 2017"]
[Site "Riga"]
[Date "2017.04.12"]
[Round "2"]
[White "Mammadova, Gulnar"]
[Black "Sinitsina, Anastassia"]
[Result "1-0"]
[WhiteElo "2357"]
[BlackElo "2052"]
[Annotator "ChessBase"]
[PlyCount "77"]
[EventDate "2017.??.??"]
[EventType "swiss"]
[EventCountry "LAT"]
[SourceTitle "playchess.com"]
[Source "ChessBase"]
[SourceQuality "1"]
[TimeControl "40/5400+30:1800+30"]

1. e4 {[%emt 0:00:00]} c5 {[%emt 0:00:25]} 2. Nf3 {[%emt 0:00:00]} e6 {[%emt 0:00:16]} 3. b3 {[%emt 0:00:13]} a6 {[%emt 0:00:21]} 4. Bb2 {[%emt 0:00:23]} Nc6 {[%emt 0:00:31]} 5. c4 {[%emt 0:00:44]} Qc7 {[%emt 0:00:46]} 6. Nc3 {[%emt 0:00:47]} Nf6 {[%emt 0:00:36]} 7. g3 {[%emt 0:00:49]} Be7 {[%emt 0:01:31]} 8. Bg2 {[%emt 0:01:23]} e5 {[%emt 0:05:55]} 9. O-O {[%emt 0:01:22]} O-O {[%emt 0:00:33]} 10. Rc1 {[%emt 0:01:54]} d6 {[%emt 0:01:37]} 11. Nd5 {[%emt 0:08:33]} Qd8 {[%emt 0:04:09]} 12. d3 {[%emt 0:00:55]} Nxd5 {[%emt 0:08:40]} 13. cxd5 {[%emt 0:00:39]} Nb8 {[%emt 0:04:01]} 14. b4 {[%emt 0:07:15]} b6 {[%emt 0:02:40]} 15. bxc5 {[%emt 0:02:54]} bxc5 {[%emt 0:00:07]} 16. Nd2 {[%emt 0:00:45]} a5 {[%emt 0:05:41]} 17. f4 {[%emt 0:02:08]} f6 {[%emt 0:00:57]} 18. Nc4 {[%emt 0:02:47]} Qc7 {[%emt 0:04:26]} 19. Bc3 {[%emt 0:03:25]} a4 {[%emt 0:04:45]} 20. Rb1 {[%emt 0:03:49]} Nd7 {[%emt 0:02:21]} 21. Bh3 {[%emt 0:04:08]} Kh8 {[%emt 0:15:35]} 22. Bf5 {[%emt 0:06:03]} g6 {[%emt 0:02:51]} 23. Be6 {[%emt 0:01:24]} Kg7 {[%emt 0:04:47]} 24. Rb2 {[%emt 0:04:10]} Ra6 {[%emt 0:06:37]} 25. Rbf2 {[%emt 0:09:40]} exf4 {[%emt 0:02:16]} 26. gxf4 {[%emt 0:03:30]} Nb6 {[%emt 0:01:29]} 27. Ba5 {[%emt 0:07:20]} Bxe6 {[%emt 0:01:38]} 28. dxe6 {[%emt 0:01:57]} Rxa5 {[%emt 0:03:16]} 29. Nxa5 {[%emt 0:00:02]} d5 {[%emt 0:02:26]} 30. exd5 {[%emt 0:01:21]} Nxd5 {[%emt 0:00:48]} 31. Qxa4 {[%emt 0:03:31]} Nb4 {[%emt 0:04:52]} 32. Qd7 {[%emt 0:06:46]} Qxd7 {[%emt 0:00:24]} 33. exd7 {[%emt 0:00:02]} Rd8 {[%emt 0:01:26]} 34. a3 {[%emt 0:00:48]} Nxd3 {[%emt 0:00:29]} 35. Rd2 {[%emt 0:00:45]} c4 {[%emt 0:00:33]} 36. Nxc4 {[%emt 0:01:25]} Rxd7 {[%emt 0:01:41]} 37. Nb2 {[%emt 0:01:28]} Bc5+ {[%emt 0:01:49]} 38. Kh1 {[%emt 0:00:14]} Ne5 {[%emt 0:00:22]} 39. Rc2 1-0

[Event "EIWCC 2017"]
[Site "Riga"]
[Date "2017.04.12"]
[Round "2"]
[White "Gara, Anita"]
[Black "Otikova, Elina"]
[Result "1-0"]
[WhiteElo "2354"]
[BlackElo "2049"]
[Annotator "RC"]
[PlyCount "43"]
[EventDate "2017.??.??"]
[EventType "swiss"]
[EventCountry "LAT"]
[SourceTitle "playchess.com"]
[Source "ChessBase"]
[SourceQuality "1"]
[TimeControl "40/5400+30:1800+30"]

1. e4 {[%emt 0:00:00]} e5 {[%emt 0:00:11]} 2. Nf3 {[%emt 0:00:00]} Nc6 {[%emt 0:00:14]} 3. Bb5 {[%emt 0:00:00]} a6 {[%emt 0:00:21]} 4. Ba4 {[%emt 0:00:00]} Nf6 {[%emt 0:00:14]} 5. Nc3 {[%emt 0:00:14]} b5 {[%emt 0:01:22]} 6. Bb3 {[%emt 0:00:04]} Bc5 {[%emt 0:01:01]} 7. d3 {[%emt 0:00:35]} d6 {[%emt 0:02:51]} 8. Nd5 {[%emt 0:00:21]} h6 {[%emt 0:03:43]} 9. c3 {[%emt 0:00:11]} Bb7 {[%emt 0:05:44]} 10. Nxf6+ {[%emt 0:03:03]} Qxf6 {[%emt 0:00:11]} 11. Bd5 {[%emt 0:00:19]} O-O {[%emt 0:04:29]} 12. g4 {[%emt 0:03:10]} Kh7 {[%emt 0:11:23]} 13. g5 {[%emt 0:14:07]} Qe7 {[%emt 0:03:21]} 14. gxh6 {[%emt 0:01:05]} gxh6 {[%emt 0:00:12]} 15. Ng5+ {[%emt 0:08:17]} Kh8 {[%emt 0:06:57]} 16. Qh5 {[%emt 0:08:23]} Qf6 {[%emt 0:00:28]} 17. Nxf7+ {[%emt 0:02:17]} Rxf7 {[%emt 0:08:48]} 18. Qxf7 {[%emt 0:00:14]} Bxf2+ {[%emt 0:00:38]} 19. Ke2 {[%emt 0:00:50]} Qxf7 {[%emt 0:01:14]} 20. Bxf7 {[%emt 0:06:36]} Kg7 {[%emt 0:01:02]} 21. Bd5 {[%emt 0:02:19]} Bb6 {[%emt 0:04:42]} 22. Be3 {[%emt 0:01:22]} 1-0

[Event "EIWCC 2017"]
[Site "Riga"]
[Date "2017.04.12"]
[Round "2"]
[White "Milliet, Sophie"]
[Black "Muzychuk, Anna"]
[Result "1/2-1/2"]
[WhiteElo "2352"]
[BlackElo "2587"]
[Annotator "TA"]
[PlyCount "87"]
[EventDate "2017.??.??"]
[EventType "swiss"]
[EventCountry "LAT"]
[SourceTitle "playchess.com"]
[Source "ChessBase"]
[SourceQuality "1"]

{[%evp 1,1,8]} 1. e4 e5 $146 (1... c5 2. Nf3 Nf6 3. e5 Nd5 4. Nc3 Nxc3 5. dxc3 e6 6. Bf4 Qb6 7. b3 Nc6 8. Qd2 Qc7 9. h4 h6 10. O-O-O a6 11. Bd3 b5 12. Be4 c4 13. Kb1 {0-1 (41) Saric,I (2652)-Rakhmanov,A (2667) Tallinn 2016}) 2. Nf3 Nc6 3. Bb5 a6 4. Ba4 Nf6 5. O-O Be7 6. Re1 b5 7. Bb3 d6 8. c3 O-O 9. h3 Nb8 {[%cal Bc6b8,Bb8d7,Bd7b6][%mdl 32]} 10. d4 Nbd7 11. c4 c6 12. Qc2 {C95: Closed Ruy Lopez: Breyer Variation with 10 d4} Bb7 13. Nc3 b4 (13... exd4 14. Nxd4 b4 15. Na4 c5 16. Nf5 Re8 17. Bf4 Bf8 18. f3 Ne5 19. Rad1 Qc7 {1-0 (76) Shirov,A (2679)-Dragun,K (2618) Czech Republic 2016}) 14. Ne2 c5 15. d5 Nb6 16. a4 $146 (16. a3 a5 17. axb4 axb4 18. Rxa8 Qxa8 19. Ng3 g6 {1-0 (53) Hofer,R (2353)-Santos Etxepare,A (2144) ICCF email 2009}) 16... a5 17. Ng3 g6 18. Bh6 Re8 19. Rf1 Bf8 20. Bg5 h6 21. Be3 Bg7 22. Qd2 Kh7 23. Nh2 Qe7 24. Rae1 Rf8 25. f4 exf4 26. Bxf4 Nbd7 27. Nf3 Ng8 28. Nh1 {[%cal Bg3h1,Bh1f2,Bf2d3][%mdl 32]} Ne5 29. Nxe5 Bxe5 30. Nf2 Bxf4 31. Qxf4 f6 32. Nd3 Rae8 33. Qg3 Bc8 34. Bc2 Kg7 35. b3 g5 36. Bd1 Kh8 37. h4 Rd8 38. Bg4 Bxg4 39. Qxg4 Rf7 40. Rf3 Re8 41. Rh3 Rh7 42. Qf5 Rf8 43. Rf1 Rff7 44. Rhf3 1/2-1/2

[Event "EIWCC 2017"]
[Site "Riga"]
[Date "2017.04.12"]
[Round "2"]
[White "Osmak, Iulija"]
[Black "Lagno, Kateryna"]
[Result "1/2-1/2"]
[WhiteElo "2348"]
[BlackElo "2543"]
[Annotator "TA"]
[PlyCount "70"]
[EventDate "2017.??.??"]
[EventType "swiss"]
[EventCountry "LAT"]
[SourceTitle "playchess.com"]
[Source "ChessBase"]
[SourceQuality "1"]

{[%evp 7,70,0,39,14,20,16,13,16,24,-35,-31,-56,-61,-96,-94,-118,-109,-116,-98,-108,-71,-81,-73,-75,-70,-70,-67,-73,-9,-22,-39,-71,-52,-59,0,-18,-18,0,0,0,0,-31,-34,-31,-32,-60,-71,-62,-7,0,0,-51,-22,-14,-26,-21,0,0,0,-20,0,0,0,-18,0]} 1. d4 Nf6 2. Bf4 c5 3. e3 Qb6 4. Nc3 {A45: Trompowsky Attack} e6 {LiveBook: 11 Games} (4... Qxb2 5. Nge2 Qb6 6. Rb1 Qd8 7. dxc5 g6 8. g3 Na6 9. Qd4 Bg7 10. Bg2 Nh5 11. Be5 f6 {1-0 (32) Grischuk,A (2774)-Adhiban,B (2674) Berlin 2015}) 5. Rb1 Qa5 $146 (5... d5 6. Nf3 Be7 7. h3 a6 8. dxc5 Qxc5 9. Bd3 b5 10. O-O Bb7 11. Qe2 Nbd7 {1-0 (51) Karlsson,L (2501)-Lindberg,B (2420) Stockholm 2006}) 6. Qd2 a6 7. Nf3 b5 {[%cal Bb7b5,Bb5b4][%mdl 32]} 8. dxc5 ({Better is} 8. a3 $11) 8... b4 $15 9. Nd1 Qxa2 10. Qc1 Qd5 11. Bd3 Bxc5 12. O-O Bb7 13. b3 Ne4 14. Nb2 Nc3 15. Ra1 Qh5 16. Na4 Nxa4 17. Rxa4 d6 (17... Bxf3 $17 18. gxf3 O-O) 18. Nd2 O-O 19. Ne4 Nd7 20. Nxc5 dxc5 (20... Qxc5 $15 21. Qd2 Qc6) 21. Qd1 Qd5 {[%csl Gb7][%cal Rd5g2] [#]} 22. f3 e5 23. Bg3 $1 Qe6 24. Qe2 e4 25. fxe4 Bxe4 26. Bxa6 Nb6 {[%cal Bd7b6,Bb6d5,Bd5c3][%mdl 32]} 27. Raa1 Qg6 (27... Qe7 $15) 28. Bd3 $11 Nd5 29. Bc4 (29. Bxe4 $11 Qxe4 30. Bd6) 29... Nc3 30. Qf2 Rxa1 31. Rxa1 Bd5 {The position is equal.} 32. Bd3 Be4 33. Bc4 Bd5 {Threatens to win with ...Bxc4.} 34. Bd3 Be4 35. Bc4 Bd5 1/2-1/2

[Event "EIWCC 2017"]
[Site "Riga"]
[Date "2017.04.12"]
[Round "2"]
[White "Antova, Gabriela"]
[Black "Kouvatsou, Maria"]
[Result "1-0"]
[WhiteElo "2335"]
[BlackElo "2016"]
[Annotator "RC"]
[PlyCount "115"]
[EventDate "2017.??.??"]
[EventType "swiss"]
[EventCountry "LAT"]
[SourceTitle "playchess.com"]
[Source "ChessBase"]
[SourceQuality "1"]
[TimeControl "40/5400+30:1800+30"]

1. d4 {[%emt 0:00:00]} Nf6 {[%emt 0:00:14]} 2. Nf3 b5 {[%emt 0:01:19]} 3. e3 {[%emt 0:19:04]} a6 {[%emt 0:00:44]} 4. Bd3 {[%emt 0:00:37]} Bb7 {[%emt 0:03:48]} 5. O-O {[%emt 0:01:35]} e6 {[%emt 0:00:45]} 6. b3 {[%emt 0:06:46]} c5 {[%emt 0:04:04]} 7. c4 {[%emt 0:07:25]} b4 {[%emt 0:05:15]} 8. Bb2 {[%emt 0:02:18]} Be7 {[%emt 0:05:38]} 9. Nbd2 {[%emt 0:01:15]} O-O {[%emt 0:03:31]} 10. e4 {[%emt 0:07:52]} cxd4 {[%emt 0:08:20]} 11. e5 {[%emt 0:02:17]} Ne8 {[%emt 0:06:08]} 12. Nxd4 {[%emt 0:00:22]} Nc6 {[%emt 0:05:52]} 13. N2f3 {[%emt 0:04:59]} Qc7 {[%emt 0:04:42]} 14. Qe2 {[%emt 0:04:41]} f5 {[%emt 0:01:06]} 15. exf6 {[%emt 0:03:47]} Nxf6 {[%emt 0:01:23]} 16. h3 {[%emt 0:01:14]} Qf4 {[%emt 0:09:19]} 17. Qd2 {[%emt 0:07:50]} Qxd2 {[%emt 0:07:53]} 18. Nxd2 {[%emt 0:00:01]} Bc5 {[%emt 0:00:39]} 19. N2f3 {[%emt 0:05:44]} Rac8 {[%emt 0:01:58]} 20. Rfe1 {[%emt 0:06:16]} Nxd4 {[%emt 0:08:48]} 21. Nxd4 {[%emt 0:00:03]} Nh5 {[%emt 0:00:20]} 22. Be4 {[%emt 0:03:18]} Bxe4 {[%emt 0:00:26]} 23. Rxe4 {[%emt 0:00:01]} Nf4 {[%emt 0:00:27]} 24. Rd1 {[%emt 0:00:35]} Rf7 {[%emt 0:08:25]} 25. Rd2 {[%emt 0:02:21]} Rcf8 {[%emt 0:00:18]} 26. Kh2 {[%emt 0:03:29]} d6 {[%emt 0:01:12]} 27. f3 {[%emt 0:03:14]} e5 {[%emt 0:00:25]} 28. Ne2 {[%emt 0:00:15]} a5 {[%emt 0:03:47]} 29. Nxf4 {[%emt 0:01:39]} Rxf4 {[%emt 0:00:11]} 30. Rxf4 {[%emt 0:00:40]} Rxf4 {[%emt 0:00:34]} 31. Rd5 {[%emt 0:00:13]} e4 {[%emt 0:01:38]} 32. Kg3 {[%emt 0:01:50]} Rf7 {[%emt 0:01:18]} 33. fxe4 {[%emt 0:01:13]} a4 {[%emt 0:01:26]} 34. Bd4 {[%emt 0:00:40]} axb3 {[%emt 0:01:47]} 35. axb3 {[%emt 0:00:01]} Rf1 {[%emt 0:00:28]} 36. Bxc5 {[%emt 0:00:41]} dxc5 {[%emt 0:00:06]} 37. Rd3 {[%emt 0:03:25]} Rc1 {[%emt 0:00:22]} 38. Kf4 {[%emt 0:00:18]} Kf7 {[%emt 0:00:22]} 39. Ke5 {[%emt 0:00:29]} Rc3 {[%emt 0:00:26]} 40. Rf3+ {[%emt 0:00:00]} Ke7 {[%emt 0:01:23]} 41. Kd5 {[%emt 0:00:54]} Rc2 {[%emt 0:00:16]} 42. Rg3 {[%emt 0:06:32]} g6 {[%emt 0:08:15]} 43. Kxc5 {[%emt 0:00:43]} Rc3 {[%emt 0:00:12]} 44. Rf3 {[%emt 0:00:11]} Rc2 {[%emt 0:00:10]} 45. Kxb4 {[%emt 0:00:47]} Rxg2 {[%emt 0:00:07]} 46. Kc5 {[%emt 0:02:55]} h5 {[%emt 0:02:28]} 47. b4 {[%emt 0:04:56]} h4 {[%emt 0:02:16]} 48. Rf4 {[%emt 0:04:57]} g5 {[%emt 0:01:10]} 49. Rf5 {[%emt 0:00:05]} Ke6 {[%emt 0:08:52]} 50. b5 {[%emt 0:00:51]} g4 {[%emt 0:00:06]} 51. hxg4 {[%emt 0:00:24]} Rxg4 {[%emt 0:00:06]} 52. Kd4 {[%emt 0:00:27]} h3 {[%emt 0:06:04]} 53. Rh5 {[%emt 0:00:08]} Rg3 {[%emt 0:00:03]} 54. b6 {[%emt 0:01:06]} Kd7 {[%emt 0:03:27]} 55. Rh6 {[%emt 0:01:14]} Kc8 {[%emt 0:00:17]} 56. Rh7 {[%emt 0:01:41]} Kb8 {[%emt 0:02:23]} 57. c5 {[%emt 0:00:10]} Kc8 {[%emt 0:00:17]} 58. c6 {[%emt 0:00:43]} 1-0

[Event "EIWCC 2017"]
[Site "Riga"]
[Date "2017.04.12"]
[Round "2"]
[White "Gara, Ticia"]
[Black "Stefanova, Antoaneta"]
[Result "1/2-1/2"]
[WhiteElo "2325"]
[BlackElo "2527"]
[Annotator "TA"]
[PlyCount "113"]
[EventDate "2017.??.??"]
[EventType "swiss"]
[EventCountry "LAT"]
[SourceTitle "playchess.com"]
[Source "ChessBase"]
[SourceQuality "1"]

{[%evp 20,113,37,45,98,43,65,66,75,65,79,84,137,66,63,0,0,0,0,-35,-34,-34,-34,-34,-32,-30,31,35,96,96,100,78,79,79,79,79,79,79,80,66,66,70,66,61,133,125,137,137,224,224,315,319,270,299,288,178,249,242,245,152,217,87,87,87,283,286,241,207,203,203,199,196,202,205,204,207,206,199,191,202,190,190,161,120,120,120,120,111,120,110,110,0,76,68,78,0]} 1. Nf3 d5 2. g3 Bg4 3. Bg2 c6 4. d4 Nd7 5. O-O e6 6. Nbd2 f5 7. c4 Bd6 8. Qb3 Rb8 9. Re1 Qe7 {A07: Réti Opening: New York and Capablanca Systems} 10. Ne5 (10. h3 Bxf3 11. exf3 Ngf6 12. f4 O-O 13. Nf1 Rfe8 14. Be3 h5 15. h4 Ng4 16. a3 dxc4 17. Qxc4 {½-½ (35) Speelman,J (2524)-Onischuk,A (2689) Caleta 2011}) 10... Nxe5 11. dxe5 {LiveBook: 3 Games} Bc5 $146 (11... Bxe5 $14 12. cxd5 exd5) (11... Bxe5 12. cxd5 exd5 13. e4 fxe4 14. Nxe4 dxe4 15. Rxe4 Nf6 16. Bg5 Be6 17. Qe3 {½-½ (32) Tkachiev,V (2575)-Tregubov,P (2515) Wijk aan Zee 1995}) 12. Nf1 ({White should try} 12. Qd3 $16) 12... Bh5 13. Be3 Bxe3 14. Nxe3 Nh6 15. cxd5 cxd5 ({Black should play} 15... exd5 16. f4 O-O) 16. Rac1 (16. Bf3 $6 Bxf3 17. exf3 O-O $11) (16. Bxd5 $16 exd5 17. Nxd5 Qxe5 18. Rac1) 16... O-O $14 17. Bxd5 (17. f4 $14) 17... exd5 $11 18. Nxd5 Qe6 $1 {[#] Hoping for ...Bf7.} 19. Nf6+ $1 {[%mdl 512]} Rxf6 $1 (19... gxf6 20. Qxe6+) 20. exf6 Qxb3 21. axb3 gxf6 22. Rc7 Nf7 (22... Be8 $11) 23. f3 $14 {[%cal Bf2f3,Bf3f4][%mdl 1056] White has compensation.} Ne5 (23... Nd6 $1 $14) 24. Rd1 $16 Bf7 25. b4 a6 26. f4 Nc6 27. Rdd7 Nd8 28. Kf2 Kf8 29. h3 h5 30. Kf3 $36 {[%mdl 2048] White fights for an advantage.} Ba2 31. Rd6 Be6 ({Better is} 31... Ne6 $14 32. Rcd7 Bc4) 32. e4 fxe4+ 33. Kxe4 Bxh3 (33... f5+ $16 34. Ke5 Nf7+ 35. Kxe6 Re8+ 36. Kd5 Nxd6) 34. Rxf6+ $18 Ke8 (34... Kg8 {was worth a try.} 35. f5 Bg2+ 36. Kf4 Bd5) 35. f5 Bg2+ 36. Kf4 Bd5 {and the idea ...Nf7 leaves Black hopeful.} 37. Rd6 Ba2 {[#]} (37... Bb3 {was necessary.} 38. Rh6 Nf7 39. Rxh5 Rd8) 38. Rdd7 $1 Rc8 39. Re7+ Kf8 40. Rh7 (40. Kg5 $18 {is more deadly.}) 40... Rxc7 $16 41. Rxc7 Nf7 $2 (41... Bf7 $16 {is a better defense.} 42. Kg5 Be8) 42. Rxb7 $18 Bc4 43. f6 {Strongly threatening Rb8+.} Kg8 44. Rc7 Bd3 45. Ke3 ({Don't take} 45. Rc8+ $6 Kh7 $16) 45... Bf1 46. Rc5 ({Don't do} 46. Rc8+ $6 Kh7 $16) 46... Kh7 47. Rxh5+ ({Weaker is} 47. Kf2 Bb5 $14) 47... Kg6 {[#]} 48. Rh4 $1 Bb5 49. Rf4 Ng5 50. Rf2 Kf7 51. Rf5 Nh7 52. g4 Bd7 53. Rf4 Ng5 54. Rd4 Bb5 55. Rf4 Bd7 $1 56. Rf1 Nh7 57. Rf4 (57. Kd4 $16) 1/2-1/2

[Event "EIWCC 2017"]
[Site "Riga"]
[Date "2017.04.12"]
[Round "2"]
[White "Mamedjarova, Zeinab"]
[Black "Socko, Monika"]
[Result "1-0"]
[WhiteElo "2322"]
[BlackElo "2462"]
[Annotator "TA"]
[PlyCount "171"]
[EventDate "2017.??.??"]
[EventType "swiss"]
[EventCountry "LAT"]
[SourceTitle "playchess.com"]
[Source "ChessBase"]
[SourceQuality "1"]

{[%evp 15,171,23,69,-28,-24,-24,-20,-27,-26,-25,-27,-22,-18,-93,-93,-86,-90,-96,-70,-91,-58,-109,-31,-91,-63,-82,-68,-67,-60,-68,-54,-55,-53,-56,-56,-63,-21,-14,0,0,0,0,6,-15,59,65,56,13,29,18,52,48,39,0,79,58,54,52,46,58,59,59,75,45,95,109,119,109,112,0,0,0,0,0,0,0,8,8,8,8,8,0,0,0,0,0,0,0,18,18,19,15,30,30,30,30,30,30,30,31,97,0,0,0,68,18,597,598,595,541,588,583,579,518,556,537,471,377,564,477,829,795,862,849,2505,2438,29961,29962,29963,29964,29963,29966,29964,29967,29967,29968,29967,29969,29971,29973,29973,29974,29974,29975,29975,29976,29976,29977,29978,29979,29979,29978,29978,29979,29979,29980,29983,29982]} 1. Nf3 Nf6 2. c4 g6 3. b3 Bg7 4. Bb2 O-O 5. g3 d6 6. d4 c5 7. Bg2 Nc6 8. O-O Bg4 {LiveBook: 34 Games} 9. Na3 $146 {E60: King's Indian: Unusual lines and Fianchetto Variation without Nc3} (9. d5 $14 Bxf3 10. Bxf3 (10. exf3 Nd4 $11)) (9. Nbd2 Qc8 10. d5 Nd8 11. Re1 e5 12. dxe6 Qxe6 13. h3 Bxf3 14. exf3 Qc8 15. Nf1 Qd7 16. Qd2 Nc6 {1-0 (27) Hausrath,D (2537)-Cekro,E (2388) Belgium 2014}) 9... Bxf3 $11 10. Bxf3 cxd4 11. Bxc6 {The position is equal.} bxc6 12. Bxd4 e5 13. Bb2 Qe7 14. h3 (14. Qd3 $11) 14... d5 $17 15. cxd5 cxd5 16. Rc1 Rfd8 17. e3 h5 18. Qe2 (18. h4 $15) 18... a6 (18... a5 $17 19. Nb5 a4 20. bxa4 Rxa4) 19. Rc2 (19. Rfd1 $15) 19... Ne4 20. Kg2 d4 21. Rd1 Qb7 22. f3 Ng5 ({Not} 22... d3 23. Rxd3 Ng5 24. Rxd8+ Rxd8 25. h4 $16) 23. exd4 $1 exd4 {Hoping for ...Re8.} 24. Bc1 Ne6 25. Qe4 Qxe4 (25... Rd5 $5 {is more complex.} 26. Nc4 Rad8 27. Rf2 Nc5 28. Qe1 h4) 26. fxe4 d3 27. Rc4 Rd7 28. Be3 Rad8 29. Ra4 Rd6 (29... Bd4 $11 30. Bxd4 Rxd4 31. Rxd4 Rxd4) 30. Nc4 $36 {[%mdl 2048] Black is under pressure.} Rc6 31. Ra5 Nc7 $1 32. Bb6 d2 $1 {[#]} 33. Rxa6 $1 {[%mdl 512]} Rd3 (33... Nxa6 34. Bxd8) 34. Ra5 {Bxc7 is the strong threat.} Bc3 (34... Bh6 $1 $11) 35. Bxc7 Rxc7 36. Rd5 Rd7 37. Rxd7 Rxd7 {[%mdl 4096] Endgame KRB-KRN} 38. Ne3 {Black must now prevent Nd5.} Rd3 39. Nf1 g5 40. Kf2 h4 41. Ke2 $1 {[%csl LRd2,LRd3]} Rd4 {[#]} 42. Ke3 ({Of course not} 42. Nxd2 $6 hxg3 43. Nf3 Rxd1 44. Kxd1 g2 $11) (42. gxh4 $1 $16 {aiming for Ke3.} Rxe4+ 43. Kd3) 42... g4 $1 $11 43. hxg4 h3 44. Nh2 Kg7 45. Nf3 Rd8 46. Ke2 Bb4 47. a3 Bxa3 48. Rxd2 Rb8 49. Rd3 Rc8 50. Rd1 Rc3 51. Rh1 Rc2+ 52. Kd3 Rf2 53. Nh4 h2 54. e5 Bc5 55. Ke4 Re2+ 56. Kf4 Bg1 57. Nf3 Rg2 ({Better is} 57... Rf2 $1 $14) 58. Nh4 Rb2 59. Nf3 Rg2 60. b4 {[%cal Bb3b4,Bb4b5,Bb5b6,Bb6b7][%mdl 32]} Bf2 $2 {[%mdl 8192] [#]} (60... Kf8 $11) 61. Nh4 $1 $18 {[%cal Rh4g2]} Rg1 62. Nf5+ Kg8 63. Rxh2 Be1 64. b5 Bc3 65. Re2 Rb1 66. Nd6 Kg7 (66... Kf8 $142 67. Ke4 Ke7) 67. Kf5 Kf8 (67... Bd4 $142 68. Ke4 Bg1) 68. g5 Ke7 {[#]} 69. b6 $1 Bd4 (69... Rxb6 70. Nc8+) 70. b7 Bc5 {[#]} 71. Re1 $3 {[%mdl 512] White mates.} Rb3 (71... Rxe1 72. b8=Q) 72. Rc1 Bxd6 73. exd6+ Kxd6 {KR-KR} 74. Kf6 Rxb7 75. Rd1+ Kc5 76. g4 {[%cal Bg3g4,Bg4g5,Bg5g6,Bg6g7][%mdl 32]} Kc6 77. g6 fxg6 78. Kxg6 Rb2 79. g5 Rg2 80. Kf6 Rf2+ 81. Kg7 Kc7 82. g6 Rg2 83. Kf7 Rf2+ 84. Kg8 Rg2 85. g7 Rg3 86. Rf1 1-0